000 00252nam a2200109Ia 4500
008 220204s9999 xx 000 0 und d
082 _a82-7
_bMAL
100 _aMali
245 0 _aFables of fun and fancy
260 _aBombay
_bSubhash
_c1972
942 _cBK
999 _c37480
_d37480